000 nam a22 a 4500
999 _c3063
_d3063
003 AKMAL
005 20170519104509.0
008 170519s1996 my 00 eng d
020 _a9839214314:
_cRM 22.90
040 _aAKMAL
_cAKMAL
049 0 0 _amal
082 0 4 _a658.16 GAR
090 0 0 _a658.16
_bGAR
090 2 0 _a658.16
_bGAR
100 1 _aGardiner, Gareth S.
_96374
245 1 0 _a21st century manager :
_bmeeting the challenges and opportunities of the new corporate age /
_cGareth S. Gardiner
260 _aPetaling Jaya :
_bAdvantage Quest,
_c1996
300 0 0 _a208p. ;
_c23cm
500 _aIncludes index
650 0 _aManagement
_zUnited States
_96375
650 0 _aManagement
_xForecasting
_96376
650 0 _aTwenty-first century
_vForecasts
_9469
740 0 2 _aTwentieth century manager
942 _2ddc
_cBOOK